| 000 | 00531 a2200169 4500 | ||
|---|---|---|---|
| 005 | 20250501083513.0 | ||
| 020 | _a978-0-07-293589-9 | ||
| 082 | _a LECT 658. 8 PER | ||
| 100 | _aPERREAULT, W. D. | ||
| 245 | _aEssentials of Marketing: A Global- Managerial Approach | ||
| 250 | _a10th Ed. | ||
| 260 |
_aNew York, _bMcGraw-Hill, _c2003. |
||
| 300 |
_axxxii, 624p.: ill.; graph, map, picture, table. _bGlossary, index. _c28cm. |
||
| 700 | _aMcCARTHY, E. J. | ||
| 856 |
_yAccess online book _fMarketing _dwww.mhhe.com |
||
| 942 |
_2ddc _cBKS |
||
| 999 |
_c1870 _d1870 |
||